| 000 | 00469nam a2200157Ia 4500 | ||
|---|---|---|---|
| 003 | GCL | ||
| 008 | 140319s9999 xx 000 0 ara d | ||
| 040 |
_aGCL / _cGCL |
||
| 082 | 0 | 4 |
_a791.44 _bم ا |
| 100 | 1 | _aمحمود على فهمى | |
| 245 | 1 | 0 |
_aامير المسرح العربى محمد تيمور / _cمحمود على فهمى |
| 300 |
_a ؛ _c32 سم |
||
| 650 | 0 | 4 | _aمحمد تيمور |
| 650 | 0 | 4 | _aالمسلسلات الاذاعية |
| 942 |
_2ddc _cBK |
||
| 999 |
_c57353 _d57353 |
||